Conversaciones filosóficas o, Seis noches de la luna de enero, en la Quinta de las Delicias. Diálogo entre Philotas y Polemón

Spremljeno u:
Bibliografski detalji
Glavni autor: Egaña Riesco, Juan (Autor)
Format: Knjiga
Jezik:španjolski
Izdano: Londres D. Manuel Calero, 17, Frederick Place, Goswell Road 1929
Izdanje:1a. ed
Serija:Colección de algunos escritos políticos, morales, poéticos y filosóficos, IV
Teme:
Oznake: Dodaj oznaku
Bez oznaka, Budi prvi tko označuje ovaj zapis!

MARC

LEADER 00000nam a2200000 a 4500
001 UCJ3133
003 CL-VaPUC
008 070124e19290000UK |||||||||||||||||spa|d
082 0 4 |a 983  |b EGA  |2 21 
100 0 |a Egaña Riesco, Juan  |e author  |9 504582 
245 1 0 |a Conversaciones filosóficas o, Seis noches de la luna de enero, en la Quinta de las Delicias. Diálogo entre Philotas y Polemón 
246 1 0 |a Al amor vence el deber. Melodrama para cantar o representar: Traducción libre y modificada de la Zenobia, del célebre Metastasio. En obsequio de la ilustre Marfisa 
246 1 0 |a Poesías fugitivas 
250 |a 1a. ed 
300 |a 208 p 
942 |c BK 
945 |d 20070124 00:00:00  |a rinostro 
260 |a Londres  |b D. Manuel Calero, 17, Frederick Place, Goswell Road  |c 1929 
650 0 |a Teodicea  |9 315235 
650 7 |a INMORTALIDAD  |2 CL-VaPUC  |9 320467 
650 0 |a Mal  |9 323721 
650 7 |a PSICOLOGIA COMPARADA  |2 CL-VaPUC  |9 269754 
650 0 |a Marina mercante   |9 255383 
650 7 |a HACIENDA  |2 CL-VaPUC  |9 342348 
650 0 |a Economía   |9 255568 
650 7 |a DERECHO  |2 CL-VaPUC  |9 504583 
650 7 |a LIBERTAD DE IMPRENTA  |2 CL-VaPUC  |9 428458 
650 0 |a Guerra  |9 255876 
650 0 |a Democracia  |9 255256 
650 0 |a Civilización   |9 255823 
650 7 |a ESCRITURA UNIVERSAL  |2 CL-VaPUC  |9 504584 
650 0 |a Música  |9 306269 
650 0 |a Ciencia y tecnología  |9 260585 
650 0 |a Teatro  |9 265385 
650 0 |a Poesía   |9 265825 
650 7 |a TAQUIGRAFIA  |2 CL-VaPUC  |9 369016 
583 |a last modification  |c 20160908 09:27:21  |k Rodrigo Vera 
490 0 |a Colección de algunos escritos políticos, morales, poéticos y filosóficos, IV 
999 |c 319255  |d 319253 
952 |0 0  |1 0  |4 0  |6 983_000000000000000_EGA_1929  |7 0  |8 X  |9 397528  |a FDOBUD  |b FDOBUD  |d 2019-11-22  |i 1023489  |o 983 EGA 1929  |p 1023489  |r 2019-11-22  |w 2019-11-22  |y BK_X  |k BUD